| 000 | 00852nam a2200253 a 4500 | ||
|---|---|---|---|
| 008 | |||
| 020 | _a8185336539 (cased) | ||
| 090 | 0 | _aHD75.6 | |
| 245 | 0 | 4 |
_aThe Global possible : _bresources, development, and the new century / _cedited by Robert Repetto. |
| 260 |
_aNew Haven : _bYale University Press, _cc1985. |
||
| 300 |
_axv, 538 p. ; _c24 cm. |
||
| 504 | _aIncludes bibliographical references. | ||
| 500 | _aIncludes index. | ||
| 650 | 0 |
_aEconomic development _xEnvironmental aspects _xCongresses. |
|
| 700 | 1 | 0 | _aRepetto, Robert C. |
| 710 | 2 | 0 | _aWorld Resources Institute. |
| 711 | 2 | 0 |
_aGlobal Possible Conference _d(1984 : _cWye Plantation) |
| 907 |
_a.b1008289x _b21-07-03 _c16-07-03 |
||
| 003 | |||
| 005 | 20230123133339.0 | ||
| 040 | _cNUST | ||
| 049 | _aMAIN | ||
| 942 |
_cBOOKS _kHD75.6 |
||
| 999 |
_c147018 _d147018 |
||